Electric energy : an introduction. (3rd edition) (Record no. 62470)

MARC details
000 -LEADER
fixed length control field 01713nam a2200265 a 4500
008 - FIXED-LENGTH DATA ELEMENTS--GENERAL INFORMATION
fixed length control field 190715s2012 ||||||||||||||||| || u
020 ## - INTERNATIONAL STANDARD BOOK NUMBER
International Standard Book Number 9781466503038
050 ## - LIBRARY OF CONGRESS CALL NUMBER
Classification number TK 7881.15 Els
100 ## - MAIN ENTRY--PERSONAL NAME
Personal name El-Sharkawi, Mohamed A
245 10 - TITLE STATEMENT
Title Electric energy : an introduction. (3rd edition)
Statement of responsibility, etc. By Mohamed A. El-Sharkawi
250 ## - EDITION STATEMENT
Edition statement 3rd edition
260 ## - PUBLICATION, DISTRIBUTION, ETC.
Place of publication, distribution, etc. Boca Raton
Name of publisher, distributor, etc. CRC Press
Date of publication, distribution, etc. 2012
300 ## - PHYSICAL DESCRIPTION
Extent xxiii, 581 pages : illustrations
350 ## - PRICE (NR) (BK AM CF MU VM SE) [OBSOLETE]
Price 103.64
650 #0 - SUBJECT ADDED ENTRY--TOPICAL TERM
Topical term or geographic name entry element POWER ELECTRONICS
650 ## - SUBJECT ADDED ENTRY--TOPICAL TERM
Topical term or geographic name entry element ELECTRIC POWER SYSTEMS
650 ## - SUBJECT ADDED ENTRY--TOPICAL TERM
Topical term or geographic name entry element TECHNOLOGY & ENGINEERING / ELECTRICAL
995 ## - RECOMMENDATION 995 [LOCAL, UNIMARC FRANCE]
-- CBU-MPIKA LIBRARY
-- 103.64
-- 5
-- AVAILABLE
-- Nov 21, 2019
-- Short Loan Collection
995 ## - RECOMMENDATION 995 [LOCAL, UNIMARC FRANCE]
-- CBU-MAIN LIBRARY (Kitwe)
-- 103.64
-- 7
-- AVAILABLE
-- Nov 21, 2019
-- Short Loan Collection
995 ## - RECOMMENDATION 995 [LOCAL, UNIMARC FRANCE]
-- CBU-MAIN LIBRARY (Kitwe)
-- 103.64
-- 4
-- AVAILABLE
-- Jul 17, 2019
-- Main Library Open Access Collection
995 ## - RECOMMENDATION 995 [LOCAL, UNIMARC FRANCE]
-- CBU-MPIKA LIBRARY
-- 103.64
-- 6
-- AVAILABLE
-- Nov 21, 2019
-- Short Loan Collection
995 ## - RECOMMENDATION 995 [LOCAL, UNIMARC FRANCE]
-- CBU-MAIN LIBRARY (Kitwe)
-- 103.64
-- 2
-- AVAILABLE
-- Jul 17, 2019
-- Main Library Open Access Collection
995 ## - RECOMMENDATION 995 [LOCAL, UNIMARC FRANCE]
-- CBU-MAIN LIBRARY (Kitwe)
-- 103.64
-- 1
-- AVAILABLE
-- Jul 17, 2019
-- Main Library Open Access Collection
995 ## - RECOMMENDATION 995 [LOCAL, UNIMARC FRANCE]
-- CBU-MAIN LIBRARY (Kitwe)
-- 103.64
-- 3
-- AVAILABLE
-- Jul 17, 2019
-- Main Library Open Access Collection
Holdings
Withdrawn status Lost status Source of classification or shelving scheme Damaged status Not for loan Home library Current library Shelving location Date acquired Total Checkouts Full call number Barcode Date last seen Price effective from Koha item type
          CBU-MAIN LIBRARY, KITWE. CBU-MAIN LIBRARY, KITWE.   11/30/2022   TK 7881.15 Els 749988 11/30/2022 11/30/2022 MONOGRAPH
          CBU-MAIN LIBRARY, KITWE. CBU-MAIN LIBRARY, KITWE.   11/30/2022   TK 7881.15 Els 749450 11/30/2022 11/30/2022 MONOGRAPH
          CBU-MAIN LIBRARY, KITWE. CBU-MAIN LIBRARY, KITWE.   11/30/2022   TK 7881.15 Els 749448 11/30/2022 11/30/2022 MONOGRAPH
          CBU-MAIN LIBRARY, KITWE. CBU-MAIN LIBRARY, KITWE.   11/30/2022   TK 7881.15 Els 749447 11/30/2022 11/30/2022 MONOGRAPH
          CBU-MAIN LIBRARY, KITWE. CBU-MAIN LIBRARY, KITWE.   11/30/2022   TK 7881.15 Els 749449 11/30/2022 11/30/2022 MONOGRAPH
          CBU-MPIKA LIBRARY, MPIKA CAMPUS. CBU-MPIKA LIBRARY, MPIKA CAMPUS.   11/30/2022   TK 7881.15 Els 749990 11/30/2022 11/30/2022 MONOGRAPH
          CBU-MPIKA LIBRARY, MPIKA CAMPUS. CBU-MPIKA LIBRARY, MPIKA CAMPUS.   11/30/2022   TK 7881.15 Els 749989 11/30/2022 11/30/2022 MONOGRAPH